000 00650nam a2200241 i 4500
001 C2-0087619
003 PPAK
005 20180727091345.0
008 970505s1986 nyua|||| ||||| | eng d
020 _a0027757706
040 _aPPAK
_beng
_cPPAK
_erda
082 0 4 _a823
_223
090 0 0 _a823
_bRAY
_dK
100 1 _aRayner, Mary,
_eauthor
245 1 0 _aCrocodarling
264 1 _aNew York :
_bBradbury Press ,
_c1986.
300 _a( 30 pages ) :
_bcolour illustrations ;
_c27 cm
336 _2rdacontent
_atext
337 _2rdamedia
_aunmediated
338 _2rdacarrier
_avolume
650 1 0 _aChildren's stories, English
942 _ddc
_cB
999 _c18112
_d18112